Central Library OPAC University of Rajshahi

The political system : (Record no. 36045)

MARC details
000 -LEADER
fixed length control field 00902nam a2200265 a 4500
001 - CONTROL NUMBER
control field 36045
003 - CONTROL NUMBER IDENTIFIER
rucl marc code BD-RjUL
005 - DATE AND TIME OF LATEST TRANSACTION
control field 20211209052426.0
008 - FIXED-LENGTH DATA ELEMENTS--GENERAL INFORMATION
fixed length control field 140615s1971 nyu 001 0 eng d
020 ## - INTERNATIONAL STANDARD BOOK NUMBER
International Standard Book Number 0394315367
Terms of availability : IRs. 7.50
035 ## - SYSTEM CONTROL NUMBER
System control number (BD-RjUL)36142
-- (UkLCURL)o00000073522
040 ## - CATALOGING SOURCE
Original cataloging agency DLC
Transcribing agency DLC
Modifying agency BD-RjUL
Language of cataloging eng
041 ## - LANGUAGE CODE
Language code of text/sound track or separate title eng
082 14 - DEWEY DECIMAL CLASSIFICATION NUMBER
Classification number 320
Edition number 19
Author mark and year EAP 1971
100 1# - MAIN ENTRY--PERSONAL NAME
Personal name Easton, David,
Dates associated with a name 1917-
9 (RLIN) 109161
245 14 - TITLE STATEMENT
Title The political system :
Remainder of title an inquiry into the state of political science /
Statement of responsibility, etc. David Easton.
250 ## - EDITION STATEMENT
Edition statement 2nd ed. ,Indian ed.
260 ## - PUBLICATION, DISTRIBUTION, ETC. (IMPRINT)
Place of publication, distribution, etc. Calcutta :
Name of publisher, distributor, etc. Scientific Book Agency,
Date of publication, distribution, etc. c1971.
300 ## - PHYSICAL DESCRIPTION
Pagination xx, 377, x p. ;
Size 21 cm.
500 ## - GENERAL NOTE
General note "Published with the assistance of the Joint Indian-American Textbook Program"
504 ## - BIBLIOGRAPHY, ETC. NOTE
Bibliography, etc Includes bibliographical references and index.
650 #0 - SUBJECT ADDED ENTRY--TOPICAL TERM
Topical term or geographic name as entry element Political science.
9 (RLIN) 109721
942 ## - ADDED ENTRY ELEMENTS (KOHA)
Source of classification or shelving scheme Dewey Decimal Classification
Koha item type Books
Holdings
Lost status Source of classification or shelving scheme Damaged status Not for loan Collection code Permanent Location Current Location Shelving location Date acquired Source of acquisition Total Checkouts Full call number Date last seen Copy number Koha item type
  Dewey Decimal Classification   Not For Loan Non-fiction Central Library, University of Rajshahi Central Library, University of Rajshahi Reading Room 10/02/1975 U. S. I. S.   320 EAP 1971 15/06/2014 C-1 Books
  Dewey Decimal Classification     Non-fiction Central Library, University of Rajshahi Central Library, University of Rajshahi   05/07/1976 U.S.I.S., Dacca   320 EAP 1971 16/11/2016 C-2 Books